[Event "MCR senioru 2019 nad 50 let"]
[Site "Pelclovo divadlo, Rychnov n. K."]
[Date "2019.08.10"]
[Round "1"]
[White "Pribyl, Rene"]
[Black "Portes, Pavel"]
[Result "1-0"]
[WhiteElo "1991"]
[BlackElo "1612"]
[EventDate "2019.08.10"]
[PlyCount "69"]

1. d4 d5 2. c4 c6 3. Nc3 e6 4. cxd5 exd5 5. Bf4 Nf6 6. Nf3 Bd6 7. Bxd6 Qxd6 8.
e3 Bf5 9. a3 Nbd7 10. Bd3 Bxd3 11. Qxd3 O-O 12. O-O Rfe8 13. h3 h6 14. Nd2 Rad8
15. b4 a6 16. Na4 Ne4 17. Nc5 Ndxc5 18. bxc5 Qg6 19. Rab1 Re7 20. Nb3 Rdd7 21.
Na5 Qf6 22. Rb6 g5 23. Qc2 Qg7 24. Rfb1 f5 25. Kh2 f4 26. R1b3 Qf7 27. Qb2 h5
28. Rxb7 Rxb7 29. Rxb7 Rxb7 30. Qxb7 Qxb7 31. Nxb7 Nxf2 32. exf4 gxf4 33. Nd8
Nd3 34. Nxc6 Kf7 35. Nb4 1-0

[Event "MCR senioru 2019 nad 50 let"]
[Site "Pelclovo divadlo, Rychnov n. K."]
[Date "2019.08.10"]
[Round "1"]
[White "Kolibik, Jan"]
[Black "Kalousek, Vladimir"]
[Result "0-1"]
[WhiteElo "1565"]
[BlackElo "1979"]
[EventDate "2019.08.10"]
[PlyCount "146"]

1. c4 Nf6 2. Nc3 d5 3. cxd5 Nxd5 4. g3 g6 5. Bg2 Nxc3 6. bxc3 Bg7 7. Nf3 O-O 8.
O-O Bg4 9. Qb3 Bc8 10. Ba3 c6 11. Rad1 Nd7 12. d4 Nf6 13. Ne5 Qc7 14. Bc1 Be6
15. Qb2 Nd7 16. Nf3 Nb6 17. Bf4 Qc8 18. Rfe1 Nc4 19. Qc1 Bh3 20. Bh1 Re8 21.
Ne5 Nxe5 22. Bxe5 Bxe5 23. dxe5 Rd8 24. Rxd8+ Qxd8 25. Rd1 Qc7 26. Qe3 Rd8 27.
Rxd8+ Qxd8 28. Qd4 Qxd4 29. cxd4 Be6 30. a3 Bc4 31. Kf1 Kf8 32. Ke1 Ke8 33. Kd2
Kd7 34. e3 b5 35. Be4 a5 36. Kc3 Bd5 37. Bd3 Bf3 38. Bf1 Ke6 39. Bh3+ Kd5 40.
Bf1 f6 41. exf6 exf6 42. Bd3 f5 43. Bf1 Kd6 44. Bd3 Bd1 45. Bf1 Ba4 46. Bg2 c5
47. dxc5+ Kxc5 48. Bf1 b4+ 49. Kb2 Bc6 50. Be2 Bd5 51. Bf1 Bc4 52. Bg2 Be2 53.
Bb7 Bd3 54. Bf3 bxa3+ 55. Kxa3 Kc4 56. Bg2 Be4 57. f3 Bc6 58. Bf1+ Kc3 59. e4
fxe4 60. fxe4 Kd4 61. e5 Kxe5 62. Bh3 Kd4 63. Be6 g5 64. h4 h6 65. hxg5 hxg5
66. Kb2 Ke3 67. Kc2 Kf3 68. g4 Kf4 69. Kd2 Bf3 70. Ke1 Bxg4 71. Bb3 Bd7 72. Kf2
a4 73. Bc4 Bf5 0-1

[Event "MCR senioru 2019 nad 50 let"]
[Site "Pelclovo divadlo, Rychnov n. K."]
[Date "2019.08.10"]
[Round "1"]
[White "Blazek, Tomas"]
[Black "Langr, Petr"]
[Result "1-0"]
[WhiteElo "1910"]
[BlackElo "1533"]
[EventDate "2019.08.10"]
[PlyCount "47"]

1. d4 c6 2. Nf3 d5 3. Bf4 Nf6 4. e3 Bg4 5. h3 Bxf3 6. Qxf3 e6 7. Nd2 Nbd7 8.
Bd3 c5 9. c3 Qb6 10. Rb1 cxd4 11. exd4 Bd6 12. O-O Bxf4 13. Qxf4 O-O 14. Nf3
Rac8 15. Rfe1 Qc7 16. Qh4 Qd6 17. Ne5 a6 18. Re3 Rfd8 19. Rbe1 Nb6 20. Ng4 Nbd7
21. Ne5 Qf8 22. Rf3 Qe7 23. Bxh7+ Kf8 24. Bg6 1-0

[Event "MCR senioru 2019 nad 50 let"]
[Site "Pelclovo divadlo, Rychnov n. K."]
[Date "2019.08.10"]
[Round "1"]
[White "Vorel, Bohuslav"]
[Black "Gabriel, Jan"]
[Result "0-1"]
[WhiteElo "1491"]
[BlackElo "1910"]
[EventDate "2019.08.10"]
[PlyCount "96"]

1. e4 c6 2. d4 d5 3. e5 Bf5 4. Bd3 Bxd3 5. Qxd3 e6 6. Nf3 Nd7 7. O-O c5 8. c3
cxd4 9. cxd4 Ne7 10. Nc3 Nc6 11. a3 Be7 12. Be3 O-O 13. h3 f6 14. exf6 Bxf6 15.
Ne2 e5 16. dxe5 Ndxe5 17. Nxe5 Nxe5 18. Qb3 Nc4 19. Nd4 Bxd4 20. Bxd4 Nd2 21.
Qg3 Rf7 22. Rfd1 Ne4 23. Qd3 Qf8 24. Rf1 b6 25. Rac1 Rd8 26. b4 Qd6 27. Rc2
Rdf8 28. f3 Qd7 29. Bf2 Ng5 30. Kh2 Rxf3 31. Qd1 Rxh3+ 32. Kg1 Rh6 33. Be3
Rxf1+ 34. Qxf1 Rf6 35. Qc1 Ne6 36. Bf2 d4 37. Rd2 Rg6 38. Bxd4 Nxd4 39. Qc4+
Qe6 40. Rxd4 Qxc4 41. Rxc4 a6 42. a4 Kf7 43. Kf2 Ke7 44. Kf3 Kd6 45. Rd4+ Ke5
46. Re4+ Kd5 47. Rh4 h6 48. Re4 Rxg2 0-1

[Event "MCR senioru 2019 nad 50 let"]
[Site "Pelclovo divadlo, Rychnov n. K."]
[Date "2019.08.10"]
[Round "1"]
[White "Vorackova, Jarmila"]
[Black "Spinler, Bronislav"]
[Result "1-0"]
[WhiteElo "1832"]
[BlackElo "1451"]
[EventDate "2019.08.10"]
[PlyCount "57"]

1. d4 c6 2. c4 d5 3. Nc3 Nf6 4. Nf3 Nbd7 5. Bg5 Qa5 6. Bxf6 Nxf6 7. e3 Bg4 8.
Qb3 Qc7 9. Ne5 Be6 10. c5 Nd7 11. Nd3 g6 12. Be2 Bg7 13. O-O O-O 14. Nf4 Nf6
15. Nxe6 fxe6 16. f4 Kh8 17. Qc2 Rab8 18. g4 Qd7 19. g5 Nh5 20. Bxh5 gxh5 21.
Qe2 Qe8 22. Rf3 Qg6 23. Rh3 Bxd4 24. exd4 Rxf4 25. Qe5+ Kg8 26. Qxf4 Rf8 27.
Qe3 Rf5 28. Rg3 h4 29. Rg2 1-0

[Event "MCR senioru 2019 nad 50 let"]
[Site "Pelclovo divadlo, Rychnov n. K."]
[Date "2019.08.10"]
[Round "1"]
[White "Lorencova, Jitka"]
[Black "Pelikan, Jaromir"]
[Result "0-1"]
[WhiteElo "1368"]
[BlackElo "1760"]
[EventDate "2019.08.10"]
[PlyCount "62"]

1. e4 c6 2. d4 d5 3. exd5 cxd5 4. c3 Nf6 5. Bd3 Nc6 6. h3 e6 7. Be3 Be7 8. Nf3
Qc7 9. Nbd2 a6 10. Qc2 b5 11. a3 Bb7 12. O-O Rc8 13. Bg5 h6 14. Bh4 g5 15. Bg3
Bd6 16. Bxd6 Qxd6 17. Rfe1 Kf8 18. Ne5 Nxd4 19. Qb1 Nc6 20. Nxc6 Bxc6 21. Nf3
g4 22. Ne5 gxh3 23. gxh3 Rg8+ 24. Kh1 d4+ 25. Nxc6 Qxc6+ 26. Be4 Nxe4 27. Qxe4
Qxe4+ 28. Rxe4 dxc3 29. bxc3 Rxc3 30. Kh2 Rf3 31. Re2 Rg5 0-1

[Event "MCR senioru 2019 nad 60 let"]
[Site "Pelclovo divadlo, Rychnov n. K"]
[Date "2019.08.10"]
[Round "1"]
[White "Tsapanidis, Vasilis"]
[Black "Urban, Zdenek"]
[Result "0-1"]
[WhiteElo "1788"]
[BlackElo "2115"]
[PlyCount "130"]
[EventDate "2019.08.10"]

1. d4 Nf6 2. c4 e6 3. Nc3 Bb4 4. Qc2 O-O 5. a3 Bxc3+ 6. Qxc3 b6 7. Nf3 Ne4 8.
Qc2 Bb7 9. e3 d6 10. Bd3 f5 11. O-O Nd7 12. Nd2 Ndf6 13. f3 Ng5 14. d5 exd5 15.
Bxf5 Qe7 16. Nb1 Ne6 17. cxd5 Bxd5 18. Nc3 Bc4 19. Bd3 Bxd3 20. Qxd3 Nc5 21.
Qc4+ Qf7 22. Qxf7+ Rxf7 23. e4 Nb3 24. Rb1 Re8 25. Rd1 Rd7 26. Bg5 Kf7 27. Bxf6
Kxf6 28. Rd3 Nc5 29. Rd2 Nb3 30. Rd3 Kf7 31. Nb5 Nc5 32. Rd2 a6 33. Nd4 Ne6 34.
Nc6 Nf4 35. g3 Ng6 36. Kf2 Ne5 37. Rc1 Nxc6 38. Rxc6 Re5 39. Rdc2 Rc5 40. f4
Rxc2+ 41. Rxc2 c5 42. b4 Rc7 43. Ke3 Ke7 44. bxc5 dxc5 45. e5 Rd7 46. Rd2 Rxd2
47. Kxd2 Ke6 48. h4 b5 49. Kc3 Kd5 50. Kd3 a5 51. Kc3 a4 52. Kb2 b4 53. axb4
cxb4 54. Kc2 h5 55. Kb2 g6 56. Kc2 b3+ 57. Kb2 Kc6 58. Ka3 Kc5 59. Kb2 Kb4 60.
e6 a3+ 61. Kb1 Kc3 62. e7 a2+ 63. Ka1 Kc2 64. e8=Q b2+ 65. Kxa2 b1=Q+ 0-1

[Event "MCR senioru 2019 nad 60 let"]
[Site "Pelclovo divadlo, Rychnov n. K"]
[Date "2019.08.10"]
[Round "1"]
[White "Mlynek, Petr"]
[Black "Jindrasek, Mojmir"]
[Result "1-0"]
[WhiteElo "2094"]
[BlackElo "1785"]
[PlyCount "57"]
[EventDate "2019.08.10"]

1. d4 d5 2. c4 Nf6 3. cxd5 Nxd5 4. e4 Nf6 5. Nc3 c6 6. Be3 e6 7. Nf3 Be7 8. Bd3
Nbd7 9. O-O O-O 10. Rc1 Re8 11. Bb1 b6 12. Qc2 g6 13. Rfd1 Bb7 14. Ne5 Rc8 15.
f4 a5 16. Qf2 Bb4 17. f5 exf5 18. Bg5 Be7 19. exf5 Ng4 20. Nxg4 Bxg5 21. fxg6
hxg6 22. Rc2 f5 23. Ne5 Nxe5 24. dxe5 Qe7 25. Re2 Qc5 26. Qxc5 bxc5 27. Rd6 Kg7
28. g4 Bf4 29. Rd7+ 1-0

[Event "MCR senioru 2019 nad 60 let"]
[Site "Pelclovo divadlo, Rychnov n. K."]
[Date "2019.08.10"]
[Round "1"]
[White "Wiedermann, Jan"]
[Black "Juricek, Stanislav"]
[Result "0-1"]
[WhiteElo "1785"]
[BlackElo "2048"]
[EventDate "2019.08.10"]
[PlyCount "24"]

1. d4 Nf6 2. Nf3 g6 3. c4 Bg7 4. Nc3 d6 5. e4 O-O 6. Bd3 Bg4 7. h3 Bxf3 8. Qxf3
Nc6 9. Be3 Nd7 10. Ne2 Nce5 11. dxe5 Nxe5 12. Qg3 Nxd3+ 0-1

[Event "MCR senioru 2019 nad 60 let"]
[Site "Pelclovo divadlo, Rychnov n. K."]
[Date "2019.08.10"]
[Round "1"]
[White "Pospisil, Evzen"]
[Black "Kolek, Josef"]
[Result "1-0"]
[WhiteElo "2040"]
[BlackElo "1780"]
[EventDate "2019.08.10"]
[PlyCount "113"]

1. d4 d5 2. Nf3 Nf6 3. c4 c6 4. Nbd2 e6 5. g3 Nbd7 6. Bg2 Be7 7. O-O O-O 8. Qc2
dxc4 9. Nxc4 Nb6 10. b3 h6 11. Bb2 Bd7 12. Nfe5 Rc8 13. Rac1 Be8 14. Rfd1 Qc7
15. Ba3 Nxc4 16. Nxc4 Bxa3 17. Nxa3 Bd7 18. e4 Qb8 19. b4 Rfd8 20. Nc4 Be8 21.
Qb3 Rc7 22. e5 Nd5 23. Bxd5 Rxd5 24. Nd6 Bd7 25. Qf3 Be8 26. Rc5 Re7 27. Rxd5
exd5 28. Nf5 Re6 29. Qg4 g6 30. Nxh6+ Kh7 31. Qh3 Kg7 32. Ng4 Qd8 33. Qh6+ Kg8
34. Rd3 f5 35. exf6 Rxf6 36. Qg5 Rd6 37. Qxd8 Rxd8 38. Re3 Kf7 39. Ne5+ Kf6 40.
h4 b6 41. Rc3 Rd6 42. Kg2 Re6 43. g4 Rxe5 44. dxe5+ Ke6 45. f4 d4 46. Rc1 Kd5
47. Kf3 c5 48. bxc5 bxc5 49. e6 c4 50. f5 c3 51. f6 Kxe6 52. Ke4 Kxf6 53. Kxd4
Bd7 54. Rf1+ Ke6 55. Kxc3 Ke5 56. Rf7 Bxg4 57. Rxa7 1-0

[Event "MCR senioru 2019 nad 60 let"]
[Site "Pelclovo divadlo, Rychnov n. K."]
[Date "2019.08.10"]
[Round "1"]
[White "Mares, Ilja"]
[Black "Novotny, Josef"]
[Result "1/2-1/2"]
[WhiteElo "1760"]
[BlackElo "1967"]
[EventDate "2019.08.10"]
[PlyCount "61"]

1. c4 d6 2. Nc3 e6 3. d4 g6 4. e4 Bg7 5. Nf3 Ne7 6. Be3 Nbc6 7. Qd2 h6 8. g3
Bd7 9. Bg2 a6 10. O-O g5 11. d5 exd5 12. exd5 Nb8 13. Rad1 O-O 14. Nd4 Ng6 15.
f4 gxf4 16. Bxf4 Nxf4 17. Rxf4 c5 18. dxc6 Nxc6 19. Nf5 Bxf5 20. Rxf5 Qb6+ 21.
Kh1 Ne5 22. b3 Ng4 23. Nd5 Qa7 24. h3 Ne5 25. Nf6+ Bxf6 26. Rxf6 b5 27. cxb5
axb5 28. Bxa8 Rxa8 29. Rf2 Kg7 30. Qxd6 Qxf2 31. Qxe5+ 1/2-1/2

[Event "MCR senioru 2019 nad 60 let"]
[Site "Pelclovo divadlo, Rychnov n. K."]
[Date "2019.08.10"]
[Round "1"]
[White "Novotny, Jaroslav"]
[Black "Rerabek, Jaroslav"]
[Result "1-0"]
[WhiteElo "1965"]
[BlackElo "1733"]
[EventDate "2019.08.10"]
[PlyCount "39"]

1. e4 e5 2. Nf3 Nc6 3. d4 exd4 4. Bc4 Nf6 5. e5 d5 6. Bb5 Ne4 7. Nxd4 Bd7 8.
Bxc6 bxc6 9. O-O Bc5 10. f3 Ng5 11. f4 Ne4 12. Be3 Bb6 13. Nc3 Nxc3 14. bxc3 h5
15. f5 Qh4 16. Qd2 Qe7 17. Bg5 Qc5 18. Kh1 O-O 19. f6 g6 20. Bh6 1-0

[Event "MCR senioru 2019 nad 60 let"]
[Site "Pelclovo divadlo, Rychnov n. K."]
[Date "2019.08.10"]
[Round "1"]
[White "Cvejn, Jaroslav"]
[Black "Horak, Vladimir"]
[Result "0-1"]
[WhiteElo "1719"]
[BlackElo "1954"]
[EventDate "2019.08.10"]
[PlyCount "104"]

1. e4 e6 2. d4 d5 3. exd5 exd5 4. Nc3 Bf5 5. Bd3 Bxd3 6. Qxd3 c6 7. Nf3 Nf6 8.
Bg5 Be7 9. O-O-O O-O 10. Rhe1 Nbd7 11. h3 Re8 12. g4 b5 13. Ne5 Nxe5 14. Rxe5
Nd7 15. Rxe7 Rxe7 16. Bxe7 Qxe7 17. f4 Re8 18. Rd2 Qe1+ 19. Nd1 Nf6 20. c3 g6
21. Qf3 Kg7 22. f5 g5 23. Rf2 Re4 24. Qd3 h5 25. gxh5 Nxh5 26. Kc2 Nf4 27. Qf3
Re2+ 28. Rxe2 Qxe2+ 29. Qxe2 Nxe2 30. Kd2 Nf4 31. Nf2 Kf6 32. Ke3 Kxf5 33. Kf3
Nxh3 34. Nd3 g4+ 35. Kg3 Ng5 36. Ne5 c5 37. Nc6 Ne4+ 38. Kg2 a6 39. dxc5 Nxc5
40. Nb8 Ke4 41. b4 Na4 42. Nxa6 Nxc3 43. Nc5+ Kd4 44. a3 f5 45. Nb3+ Ke3 46.
Na1 f4 47. Nc2+ Kd3 48. Na1 f3+ 49. Kf1 g3 50. Nb3 Ke3 51. a4 g2+ 52. Kg1 Ne2+
0-1

[Event "MCR senioru 2019 nad 60 let"]
[Site "Pelclovo divadlo, Rychnov n. K."]
[Date "2019.08.10"]
[Round "1"]
[White "Bartos, Alois"]
[Black "Kulhavy, Frantisek"]
[Result "1-0"]
[WhiteElo "1953"]
[BlackElo "1712"]
[EventDate "2019.08.10"]
[PlyCount "72"]

1. e4 c5 2. Nf3 Nc6 3. d4 cxd4 4. Nxd4 e6 5. Nc3 a6 6. Be3 Nf6 7. Nxc6 bxc6 8.
e5 Nd5 9. Nxd5 cxd5 10. Bd3 d6 11. f4 dxe5 12. fxe5 Qh4+ 13. Kf1 Bb7 14. Qe2
Be7 15. Bb5+ Kf8 16. Bd3 g6 17. Bf2 Qf4 18. g3 Qh6 19. Kg2 Kg7 20. h4 Qh5 21.
g4 Qh6 22. Kg3 g5 23. hxg5 Qxg5 24. Rh5 Qxh5 25. gxh5 Rhg8 26. Kh2 Kh8 27. Rg1
Rxg1 28. Bxg1 Rg8 29. Bd4 Rg5 30. Be3 Rg8 31. Bxa6 Ba8 32. Bd4 Rg5 33. Bd3 f6
34. c3 Bd8 35. Kh3 Bc7 36. h6 fxe5 1-0

[Event "MCR senioru 2019 nad 60 let"]
[Site "Pelclovo divadlo, Rychnov n. K."]
[Date "2019.08.10"]
[Round "1"]
[White "Dvorak, Eduard"]
[Black "Vagner, Ladislav"]
[Result "1/2-1/2"]
[WhiteElo "1668"]
[BlackElo "1951"]
[EventDate "2019.08.10"]
[PlyCount "62"]

1. d4 d5 2. c3 Nf6 3. Bf4 Nbd7 4. Nd2 Nh5 5. Bg3 Nxg3 6. hxg3 e5 7. dxe5 Nxe5
8. Ngf3 Bd6 9. Nxe5 Bxe5 10. Qc2 g6 11. e3 c6 12. Bd3 Qc7 13. Nf3 Bf6 14. O-O-O
Bg4 15. Be2 Bf5 16. Bd3 Bxd3 17. Qxd3 O-O-O 18. Nd4 h5 19. Qc2 Qa5 20. Kb1 c5
21. Ne2 Rd6 22. Rd2 Rhd8 23. Rhd1 Kb8 24. f4 Ra6 25. a3 Rb6 26. Ka2 Re6 27.
Rxd5 Rxd5 28. Rxd5 Qb5 29. c4 Qb6 30. Rd3 Qc6 31. Nc3 Bxc3 1/2-1/2

[Event "MCR senioru 2019 nad 60 let"]
[Site "Pelclovo divadlo, Rychnov n. K"]
[Date "2019.08.10"]
[Round "1"]
[White "Papay, Jindrich"]
[Black "Sysala, Stanislav"]
[Result "1-0"]
[WhiteElo "1943"]
[BlackElo "1659"]
[PlyCount "47"]
[EventDate "2019.08.10"]

1. f4 Nf6 2. Nf3 e6 3. g3 c5 4. Bg2 Nc6 5. O-O Be7 6. d3 d5 7. c3 O-O 8. Qc2 d4
9. h3 Nd5 10. Na3 f6 11. e4 dxe3 12. Nc4 Qc7 13. Nxe3 Nxe3 14. Bxe3 e5 15. Qb3+
Kh8 16. fxe5 fxe5 17. Ng5 Nd8 18. Be4 Rf6 19. Nxh7 Rb6 20. Qd1 Bd7 21. Qh5 Kg8
22. Bg6 Rxg6 23. Qxg6 Be8 24. Rf8+ 1-0

[Event "MCR senioru 2019 nad 70 a 80 let"]
[Site "Pelclovo divadlo, Rychnov n. K"]
[Date "2019.08.10"]
[Round "1"]
[White "Bainhofner, Jiri"]
[Black "Pilar, Miloslav"]
[Result "0-1"]
[WhiteElo "1758"]
[BlackElo "2078"]
[PlyCount "100"]
[EventDate "2019.08.10"]

1. e4 e6 2. d4 d5 3. Nd2 Nc6 4. c3 Nf6 5. e5 Nd7 6. f4 f5 7. Ndf3 Be7 8. Be3
O-O 9. Qd2 Ncb8 10. b4 a5 11. Bd3 axb4 12. cxb4 Nc6 13. Rb1 Ra4 14. Qc2 Rxb4
15. Ne2 Rxb1+ 16. Qxb1 Nb4 17. Bb5 c6 18. Ba4 Qa5 19. Bb3 Nc2+ 20. Kf2 Nxe3 21.
Kxe3 c5 22. dxc5 Nxc5 23. Bc2 Qa3+ 24. Kf2 Ne4+ 25. Kf1 Qe3 26. Bxe4 fxe4 27.
Nfd4 Bc5 28. Qb2 Bxd4 29. Qxd4 Rxf4+ 30. Ke1 Qxd4 31. Nxd4 e3 32. Nc2 Rf2 33.
Nxe3 Rxa2 34. Rf1 Ra1+ 35. Kf2 Rxf1+ 36. Kxf1 Bd7 37. Nc2 Kf7 38. Ke2 Kg6 39.
Nd4 b5 40. Kd3 b4 41. Nb3 Kf5 42. Kd4 Ba4 43. Nc5 Bc2 44. Nd7 b3 45. Kc3 d4+
46. Kd2 h5 47. g3 Be4 48. Kc1 d3 49. Nc5 d2+ 50. Kxd2 b2 0-1

[Event "MCR senioru 2019 nad 70 a 80 let"]
[Site "Pelclovo divadlo, Rychnov n. K"]
[Date "2019.08.10"]
[Round "1"]
[White "Most, Zdenek"]
[Black "Pultr, Evzen"]
[Result "1-0"]
[WhiteElo "2008"]
[BlackElo "1740"]
[PlyCount "65"]
[EventDate "2019.08.10"]

1. d4 d5 2. Nf3 Nf6 3. g3 g6 4. Bg2 Bg7 5. c4 c6 6. Nc3 O-O 7. O-O Re8 8. Bg5
dxc4 9. Ne5 Be6 10. a4 Nd5 11. Nxd5 cxd5 12. Be3 Nc6 13. f4 f6 14. Nxc4 Bf7 15.
Na3 e6 16. Nb5 a6 17. Nc3 Rc8 18. Bf2 f5 19. e3 Qb6 20. Rb1 Na5 21. Re1 Nc4 22.
Re2 Re7 23. Be1 Nxe3 24. Qd3 Nxg2 25. Kxg2 Bxd4 26. Nxd5 Qc6 27. Qxd4 Rd7 28.
Rc1 Qxd5+ 29. Qxd5 Rxd5 30. Rxc8+ Kg7 31. Bc3+ Kh6 32. Rc7 Bg8 33. Rg7 1-0

[Event "MCR senioru 2019 nad 70 a 80 let"]
[Site "Pelclovo divadlo, Rychnov n. K"]
[Date "2019.08.10"]
[Round "1"]
[White "Jablecnik, Gustav"]
[Black "Havel, Frantisek"]
[Result "1-0"]
[WhiteElo "2006"]
[BlackElo "1757"]
[PlyCount "109"]
[EventDate "2019.08.10"]

1. e4 c5 2. Bc4 e6 3. Qe2 Nc6 4. c3 Nge7 5. d3 g6 6. f4 Bg7 7. Bb3 O-O 8. Nf3
d5 9. e5 Qb6 10. Be3 Nf5 11. g4 Nxe3 12. Qxe3 a5 13. Qf2 a4 14. Bd1 f6 15. d4
cxd4 16. cxd4 fxe5 17. fxe5 Qa5+ 18. Qd2 Rf4 19. Nc3 Rxg4 20. h3 Re4+ 21. Nxe4
dxe4 22. Qxa5 Rxa5 23. Nd2 Nxd4 24. O-O Rxe5 25. Bxa4 Bh6 26. Rad1 b5 27. Bb3
Bb7 28. Nb1 Rg5+ 29. Kf2 Rf5+ 30. Ke1 Bg7 31. Rxf5 gxf5 32. Nc3 b4 33. Ne2 Nxb3
34. Rd8+ Bf8 35. axb3 Ba6 36. Nd4 Kf7 37. Rd7+ Kf6 38. Rxh7 e5 39. Nxf5 Bd3 40.
Ne3 Bg7 41. Rh4 Bf8 42. Rg4 Bc5 43. Kd2 Bd4 44. Nd5+ Ke6 45. Nxb4 Bf1 46. Rxe4
Bxb2 47. h4 Bg2 48. Rg4 Bf3 49. Rg3 Bh5 50. Nc2 Bf7 51. b4 Be8 52. Rb3 Bd4 53.
Nxd4+ exd4 54. b5 Kd5 55. b6 1-0

[Event "MCR senioru 2019 nad 70 a 80 let"]
[Site "Pelclovo divadlo, Rychnov n. K."]
[Date "2019.08.10"]
[Round "1"]
[White "Splitek, Lubos"]
[Black "Just, Pavel"]
[Result "0-1"]
[WhiteElo "1751"]
[BlackElo "1981"]
[EventDate "2019.08.10"]
[PlyCount "55"]

1. e4 e5 2. Nf3 Nc6 3. Bb5 Nf6 4. O-O Nxe4 5. d4 Be7 6. dxe5 O-O 7. Re1 d5 8.
c4 Be6 9. Bf4 Bc5 10. Be3 Bxe3 11. Rxe3 Ne7 12. Nbd2 c6 13. Ba4 Nxd2 14. Nxd2
dxc4 15. Qe2 b5 16. Bc2 Nf5 17. Rh3 h6 18. Nf3 Nd4 19. Nxd4 Qxd4 20. Rg3 Qf4
21. Rf3 Qg4 22. h3 Qh4 23. g4 Bd5 24. Rg3 Rae8 25. Rd1 f6 26. Re3 fxe5 27. Rxe5
Rxe5 28. Qxe5 0-1

[Event "MCR senioru 2019 nad 70 a 80 let"]
[Site "Pelclovo divadlo, Rychnov n. K."]
[Date "2019.08.10"]
[Round "1"]
[White "Volf, Jaroslav"]
[Black "Vlasak, Ladislav"]
[Result "1-0"]
[WhiteElo "1977"]
[BlackElo "1739"]
[EventDate "2019.08.10"]
[PlyCount "63"]

1. e4 e6 2. d4 d5 3. Nd2 c5 4. Ngf3 Nc6 5. Bb5 a6 6. Bxc6+ bxc6 7. O-O cxd4 8.
Nxd4 c5 9. N4f3 Bd6 10. Re1 Ne7 11. c4 d4 12. e5 Bb8 13. Ne4 Qb6 14. Qb3 Qc6
15. Qa3 O-O 16. Qxc5 Qxc5 17. Nxc5 Nc6 18. Nd3 a5 19. b3 Ba6 20. Ba3 Rd8 21.
Bc5 Rd7 22. Rac1 Bc7 23. a3 Rad8 24. b4 axb4 25. axb4 Bb7 26. Nd2 Ra8 27. Nb3
Ra3 28. Rb1 Ra2 29. b5 Na5 30. Nxa5 Rxa5 31. Bb4 Ra2 32. Nc5 1-0

[Event "MCR senioru 2019 nad 70 a 80 let"]
[Site "Pelclovo divadlo, Rychnov n. K."]
[Date "2019.08.10"]
[Round "1"]
[White "Vesely, Emanuel"]
[Black "Trojan, Lubos"]
[Result "0-1"]
[WhiteElo "1732"]
[BlackElo "1955"]
[EventDate "2019.08.10"]
[PlyCount "86"]

1. e4 e6 2. d4 d5 3. Nd2 Nf6 4. e5 Nfd7 5. f4 c5 6. Ngf3 Nc6 7. c3 Be7 8. Bd3
cxd4 9. Nxd4 Qb6 10. N2f3 Nxd4 11. Nxd4 a6 12. Qe2 Nc5 13. Bc2 Bd7 14. O-O g6
15. Kh1 Qc7 16. a4 Bc6 17. Rf3 Nd7 18. b3 b6 19. Bb2 Bb7 20. b4 Rc8 21. Raf1
Nb8 22. Bd3 Qd7 23. g4 Nc6 24. b5 Nxd4 25. cxd4 a5 26. f5 Rc7 27. fxg6 fxg6 28.
Rf7 Qc8 29. Rxh7 Rxh7 30. Bxg6+ Kd7 31. Bxh7 Qe8 32. Qd3 Kc8 33. Qg6 Qxg6 34.
Bxg6 Rc4 35. Rc1 Kd7 36. Rxc4 dxc4+ 37. Kg1 Bf3 38. h3 Bd1 39. Be4 Ke8 40. d5
Bc5+ 41. Kf1 Bxa4 42. dxe6 Bxb5 43. g5 c3+ 0-1

[Event "MCR senioru 2019 nad 70 a 80 let"]
[Site "Pelclovo divadlo, Rychnov n. K."]
[Date "2019.08.10"]
[Round "1"]
[White "Dolezal, Radoslav"]
[Black "Vlachopulos, Elefteris"]
[Result "1-0"]
[WhiteElo "1954"]
[BlackElo "1724"]
[EventDate "2019.08.10"]
[PlyCount "39"]

1. e4 c5 2. c3 d5 3. exd5 Qxd5 4. Nf3 Nc6 5. Be2 e5 6. O-O Bg4 7. d4 cxd4 8.
cxd4 exd4 9. Nxd4 Qxd4 10. Bxg4 Qxd1 11. Rxd1 Rd8 12. Rxd8+ Nxd8 13. Nc3 f6 14.
Be3 a6 15. Rd1 Be7 16. Nd5 h5 17. Bc8 Nh6 18. Bb6 Kf7 19. Nxe7 Kxe7 20. Rd7+
1-0

[Event "MCR senioru 2019 nad 70 a 80 let"]
[Site "Pelclovo divadlo, Rychnov n. K."]
[Date "2019.08.10"]
[Round "1"]
[White "Slovak, Martin"]
[Black "Jacek, Miloslav"]
[Result "0-1"]
[WhiteElo "1700"]
[BlackElo "1941"]
[EventDate "2019.08.10"]
[PlyCount "115"]

1. d4 f5 2. Bg5 Nf6 3. Bxf6 exf6 4. e3 b6 5. Qf3 d5 6. Bd3 g6 7. a3 Be6 8. c4
c6 9. Nd2 Qd6 10. h4 h5 11. b4 Nd7 12. c5 bxc5 13. bxc5 Qc7 14. Qg3 Qxg3 15.
fxg3 Bh6 16. Kf2 Rb8 17. Rb1 Ke7 18. Ne2 Bf7 19. Ba6 Kd8 20. Rb7 Rxb7 21. Bxb7
Kc7 22. Ba6 Re8 23. Nf4 Rb8 24. Rb1 g5 25. Nh3 Be6 26. Rxb8 Nxb8 27. Be2 Bf7
28. Bd3 Bg6 29. Nb3 Nd7 30. Na5 Nf8 31. Bc2 f4 32. Bxg6 fxe3+ 33. Ke2 Nxg6 34.
hxg5 fxg5 35. Ng1 g4 36. Kd3 Ne7 37. Ne2 Nf5 38. Nb3 Kb7 39. Na5+ Kc7 40. Nb3
Kd7 41. Na1 Bg7 42. Nc2 Bh6 43. a4 Ke6 44. Nf4+ Bxf4 45. gxf4 h4 46. Ke2 Kf6
47. Kf1 Ng3+ 48. Kg1 e2 49. Kf2 Kf5 50. Ne1 Kxf4 51. Nd3+ Ke4 52. Ne5 Kxd4 53.
Nxc6+ Kxc5 54. Nxa7 Kb4 55. Nc6+ Kxa4 56. Nd4 Kb4 57. Ne6 Kc3 58. Nf4 0-1

[Event "MCR senioru 2019 nad 70 a 80 let"]
[Site "Pelclovo divadlo, Rychnov n. K."]
[Date "2019.08.10"]
[Round "1"]
[White "Martinec, Karel"]
[Black "Rucka, Alois"]
[Result "0-1"]
[WhiteElo "1724"]
[BlackElo "1941"]
[EventDate "2019.08.10"]
[PlyCount "61"]

1. Nf3 Nf6 2. g3 g6 3. Bg2 Bg7 4. O-O O-O 5. c4 d6 6. d4 Nbd7 7. Nc3 e5 8. e4
Re8 9. Re1 b6 10. d5 a5 11. Bg5 h6 12. Bd2 Nc5 13. Bc1 Bg4 14. h3 Bd7 15. b3
Qc8 16. Kh2 g5 17. Ba3 g4 18. Ng1 gxh3 19. Bxh3 Bxh3 20. Nxh3 Ng4+ 21. Kg2 f5
22. f3 Nf6 23. Bxc5 bxc5 24. Qd3 fxe4 25. Nxe4 a4 26. Nxf6+ Bxf6 27. Qg6+ Bg7
28. Nf2 axb3 29. axb3 Rxa1 30. Rxa1 Qb7 31. Ng4 {necitelny zapis} 0-1

[Event "MCR senioru 2019 nad 70 a 80 let"]
[Site "Pelclovo divadlo, Rychnov n. K."]
[Date "2019.08.10"]
[Round "1"]
[White "Slizek, Josef"]
[Black "Reichmann, Pavel"]
[Result "1-0"]
[WhiteElo "1935"]
[BlackElo "1684"]
[EventDate "2019.08.10"]
[PlyCount "105"]

1. e4 c6 2. d4 d5 3. e5 Bf5 4. Nf3 e6 5. c3 Nd7 6. Nbd2 Qc7 7. Nh4 Bg6 8. Nxg6
hxg6 9. Nf3 Be7 10. Bd3 O-O-O 11. b4 a6 12. a4 Nb6 13. Qb3 Kd7 14. Bd2 Ra8 15.
Rb1 Nh6 16. h3 Nf5 17. g3 Nh6 18. Bf4 Qd8 19. h4 Ng4 20. a5 Nc8 21. b5 axb5 22.
Bxb5 Na7 23. Be2 Rb8 24. Qa4 Qc7 25. O-O b5 26. axb6 Rxb6 27. Nd2 Rxb1 28. Rxb1
Nh6 29. Ra1 Nc8 30. Qa8 Rd8 31. Rb1 Nb6 32. Qa6 Rb8 33. Bd3 Bd8 34. Bc2 Ra8 35.
Qd3 Qa7 36. Nb3 Ke8 37. Nc5 Nf5 38. Qd1 Be7 39. Nb3 Qc7 40. Bd3 Kd7 41. Bg5 Bf8
42. h5 Na4 43. Qc2 Be7 44. Bd2 Nb6 45. hxg6 fxg6 46. Bc1 Qd8 47. Kg2 Qc7 48.
Qe2 Ra4 49. Bf4 Nc4 50. Qg4 c5 51. Qxg6 cxd4 52. Bxf5 exf5 53. e6+ 1-0

[Event "MCR senioru 2019 nad 50 let"]
[Site "Pelclovo divadlo, Rychnov n. K"]
[Date "2019.08.11"]
[Round "2"]
[White "Gabriel, Jan"]
[Black "Pribyl, Rene"]
[Result "1/2-1/2"]
[WhiteElo "1910"]
[BlackElo "1991"]
[PlyCount "40"]
[EventDate "2019.08.10"]

1. e4 e5 2. Nf3 Nf6 3. Nxe5 d6 4. Nf3 Nxe4 5. Qe2 Qe7 6. d3 Nf6 7. Bg5 Nbd7 8.
Nc3 c6 9. Qxe7+ Bxe7 10. d4 d5 11. Bd3 h6 12. Bf4 O-O 13. O-O Re8 14. Rae1 Nf8
15. Ne5 Ne6 16. Be3 Nd7 17. Nxd7 Bxd7 18. Ne2 Bf6 19. c3 Re7 20. Ng3 Ree8
1/2-1/2